Inquietudes. Libro escolar de lecturas fecundantes.
Guardado en:
| Autor principal: | |
|---|---|
| Formato: | Desconocido |
| Lenguaje: | español |
| Publicado: |
Zaragoza
Hijo de Ricardo González
|
| Catálogo: | MANES: Resultados de Búsqueda del Catálogo |
| Clasificación de libros de texto: |
|
| Etiquetas: |
Agregar Etiqueta
Sin Etiquetas, Sea el primero en etiquetar este registro!
|
| Añadido a: | 2016-04-26 |
MARC
| LEADER | 000000000a22000000004500 | ||
|---|---|---|---|
| 001 | 10671 | ||
| 003 | OSt | ||
| 008 | 160427s sp ||||| |||| 00| 0 spa d | ||
| 040 | |c centro_manes | ||
| 041 | 1 | |a spa | |
| 691 | 7 | |a PRI | |
| 100 | 1 | |a Fernández Rodríguez, Antonio. Autor |9 2610 | |
| 245 | 0 | 0 | |a Inquietudes. Libro escolar de lecturas fecundantes. |
| 260 | 3 | |a Zaragoza |b Hijo de Ricardo González | |
| 300 | |a 146 p. |c 18 x 12 cm | ||
| 500 | |a Encuadernado en Rústica. Aprobado por la Autoridad. Precio: 3,75 pesetas. Libro dirigido a los niños del medio rural, valoración del campo y la vida en la naturaleza. Lecturas como: exaltación de las faenas campesinas, poema del niño y el agua, rutas de fecundidad, mensaje al niño rural, los ojos del lobo, el sentido de la tradición, imperio en la aldea, etc... | ||
| 690 | 7 | |a CN | |
| 942 | |2 ddc |c BK | ||
| 546 | |a España | ||
| 999 | |c 16645 |d 16645 | ||
| 999 | |c manes:16645 |d 16645 | ||